00467 a2200145 450000500170000002000220001708200190003910000170005824500360007525000120011126000500012330000540017370000170022785600770024420250623152742.0 a978-0-07-291873-1 aLM 518.024 CHA aCHAPRA, S.C. aNumerical Methods for Engineers a5th Ed. aBoston,bMcGraw-Hill Higher Education,c2006. axv, 926p.: ill.; graph, picture,bIndex,c24cm.,  aCANALE, R.P. yAccess Online BookfNumerical Methods for Engineersdwww.mhhe.com/chapra